[Event "Sparkassen Chess Trophy 2024 A-Open"]
[Site "Dortmund"]
[Date "2024.08.18"]
[Round "9"]
[White "Stegert, Jonas"]
[Black "Theisen, Johannes"]
[Result "1/2-1/2"]
[WhiteElo "1945"]
[BlackElo "1927"]
[PlyCount "25"]
[EventDate "2024.08.10"]

1. d4 d5 2. c4 e6 3. Nf3 c6 4. g3 Bd6 5. Bg2 f5 6. O-O Nf6 7. Qc2 O-O 8. b3 Qe7 9. Bb2 Ne4 10. Nbd2 Nxd2 11. Qxd2 Nd7 12. e3 b6 13. Rfc1 {erfasst durch pgnApp - www.pgn-app.com} 1/2-1/2

[Event "Sparkassen Chess Trophy 2024 A-Open"]
[Site "Dortmund"]
[Date "2024.08.18"]
[Round "9"]
[White "Gieseler, Felix"]
[Black "Karaissaridis, Christos"]
[Result "0-1"]
[WhiteElo "1960"]
[BlackElo "1902"]
[PlyCount "60"]
[EventDate "2024.08.10"]

1. e4 d6 2. d4 Nf6 3. Nc3 g6 4. Be3 c6 5. Qd2 b5 6. Bd3 Nbd7 7. Nf3 Bg7 8. Bh6 O-O 9. h4 Bxh6 10. Qxh6 Ng4 11. Qd2 h5 12. Ng5 e5 13. f3 Ngf6 14. Ne2 Qb6 15. Qb4 Qc7 16. Qc3 a6 17. a4 Bb7 18. axb5 axb5 19. O-O Qb6 20. Rxa8 Rxa8 21. Qb3 d5 22. c4 dxc4 23. Bxc4 bxc4 24. Qxc4 Rf8 25. Kh1 Ba6 26. Qc2 exd4 27. Rd1 d3 28. Rxd3 Bxd3 29. Qxd3 Qxb2 30. f4 Ng4 {erfasst durch pgnApp - www.pgn-app.com} 0-1

[Event "Sparkassen Chess Trophy 2024 A-Open"]
[Site "Dortmund"]
[Date "2024.08.18"]
[Round "9"]
[White "Harringer, Manfred"]
[Black "Heinzel, Thomas"]
[Result "1/2-1/2"]
[WhiteElo "1963"]
[BlackElo "1866"]
[PlyCount "95"]
[EventDate "2024.08.10"]

1. e4 c5 2. Nf3 e6 3. g3 d5 4. exd5 exd5 5. d4 Nf6 6. Bg2 Be7 7. O-O O-O 8. Nbd2 cxd4 9. Nb3 h6 10. Nbxd4 Bg4 11. c3 Nc6 12. Qb3 Na5 13. Qc2 Rc8 14. Bf4 Qb6 15. Nb3 Nc4 16. Rfe1 Rfe8 17. Be5 Bh5 18. Bd4 Qc7 19. Nbd2 Bg6 20. Qc1 Nd7 21. Nxc4 dxc4 22. Bh3 Bh5 23. Ne5 Bg5 24. f4 Nxe5 25. Bxe5 Rxe5 26. Rxe5 Qxe5 27. fxe5 Bxc1 28. Bxc8 Bxb2 29. Rb1 Bxc3 30. e6 Kf8 31. Rxb7 fxe6 32. Bxe6 Bd4+ 33. Kf1 c3 34. Rc7 Bg6 35. Bb3 Bd3+ 36. Ke1 Bb6 37. Rc8+ Ke7 38. Kd1 Bd4 39. Bc2 Bf1 40. Be4 Kd6 41. Kc2 Bh3 42. Rd8+ Ke5 43. Re8+ Kd6 44. Bd3 Be6 45. Kb1 Bb6 46. Rf8 Kc5 47. Rf4 Kd6 48. Ra4 {erfasst durch pgnApp - www.pgn-app.com} 1/2-1/2

[Event "Sparkassen Chess Trophy 2024 A-Open"]
[Site "Dortmund"]
[Date "2024.08.18"]
[Round "9"]
[White "Wezel, Sebastian"]
[Black "Stoll, Lucia"]
[Result "0-1"]
[WhiteElo "1939"]
[BlackElo "1984"]
[PlyCount "80"]
[EventDate "2024.08.10"]

1. e4 c5 2. Nf3 d6 3. d4 cxd4 4. Nxd4 Nf6 5. Nc3 a6 6. Be3 e5 7. Nb3 Be7 8. h3 Be6 9. f4 exf4 10. Bxf4 Nc6 11. Qd2 Nd7 12. O-O-O Nde5 13. Kb1 O-O 14. g4 b5 15. Nd5 Re8 16. Qg2 Rc8 17. g5 Bxd5 18. exd5 Ng6 19. Bc1 Nce5 20. h4 Bf8 21. Nd4 b4 22. h5 Ne7 23. g6 fxg6 24. h6 gxh6 25. Bxh6 Qd7 26. Qd2 Nc4 27. Qg5 Nf5 28. Bh3 Nce3 29. Nxf5 Nxf5 30. Bxf5 Qxf5 31. Qh4 Qxc2+ 32. Ka1 Re4 33. Qh3 Re2 34. Bc1 Qc7 35. Bh6 Bxh6 36. Qxh6 Qg7 37. Qxg7+ Kxg7 38. Rd4 a5 39. Rdh4 h5 40. Rg1 Kh6 {erfasst durch pgnApp - www.pgn-app.com} 0-1

[Event "Sparkassen Chess Trophy 2024 A-Open"]
[Site "Dortmund"]
[Date "2024.08.18"]
[Round "9"]
[White "Padilla Garcia, Cecilia Xasive"]
[Black "Conrad, Joachim"]
[Result "1/2-1/2"]
[WhiteElo "1950"]
[BlackElo "1994"]
[PlyCount "48"]
[EventDate "2024.08.10"]

1. e4 d6 2. d4 Nf6 3. Nc3 e5 4. Nf3 Nbd7 5. Rg1 c6 6. g4 exd4 7. Qxd4 Qb6 8. g5 Ne5 9. Qd1 Nfg4 10. Rg2 Nxf3+ 11. Qxf3 Ne5 12. Qe3 Qxe3+ 13. Bxe3 Bh3 14. Rg3 Bxf1 15. Kxf1 b6 16. b3 Nd7 17. Rd1 O-O-O 18. a4 Be7 19. Ne2 Nc5 20. f3 Ne6 21. Nd4 Nxd4 22. Bxd4 f6 23. gxf6 Bxf6 24. Bxf6 gxf6 {Erfassung abgebrochen - unleserlich; erfasst durch pgnApp - www.pgn-app.com} 1/2-1/2

[Event "Sparkassen Chess Trophy 2024 A-Open"]
[Site "Dortmund"]
[Date "2024.08.18"]
[Round "9"]
[White "Riechenberg, Sebastian"]
[Black "Loheide, Michel"]
[Result "1-0"]
[WhiteElo "1951"]
[BlackElo "1975"]
[PlyCount "65"]
[EventDate "2024.08.10"]

1. c3 Nf6 2. c4 e5 3. d3 d5 4. cxd5 Nxd5 5. Nf3 Nc6 6. a3 Bg4 7. e3 f5 8. Be2 Qf6 9. Qc2 O-O-O 10. Nbd2 g5 11. h3 Bxf3 12. Bxf3 Bg7 13. Nb3 h5 14. Bd2 g4 15. Be2 g3 16. fxg3 Bh6 17. O-O-O Nxe3 18. Bxe3 Bxe3+ 19. Kb1 Nd4 20. Nxd4 Bxd4 21. Rc1 Qg7 22. Rhf1 Rd6 23. Rxf5 b6 24. b3 Rc6 25. Qd2 Rxc1+ 26. Qxc1 Qxg3 27. Rf7 e4 28. Qc4 Rd8 29. Bxh5 Kb8 30. Qxd4 Qe1+ 31. Ka2 Qd2+ 32. Qb2 Qxd3 33. Rf2 {erfasst durch pgnApp - www.pgn-app.com} 1-0

[Event "Sparkassen Chess Trophy 2024 A-Open"]
[Site "Dortmund"]
[Date "2024.08.18"]
[Round "9"]
[White "Kantor, Nikita"]
[Black "Janssen, Thorben"]
[Result "1-0"]
[WhiteElo "1971"]
[BlackElo "1920"]
[PlyCount "80"]
[EventDate "2024.08.10"]

1. e4 c5 2. Nc3 Nc6 3. Bb5 Nd4 4. Nf3 a6 5. Bd3 g6 6. O-O Bg7 7. Re1 d6 8. h3 e6 9. Rb1 Ne7 10. Nxd4 Bxd4 11. Ne2 Bg7 12. b4 Nc6 13. c3 Ne5 14. Bc2 c4 15. f4 Nc6 16. d4 cxd3 17. Qxd3 O-O 18. Be3 Qc7 19. a4 f5 20. exf5 gxf5 21. Rbd1 d5 22. Bc5 Rf6 23. a5 Rg6 24. c4 Nxa5 25. cxd5 exd5 26. Qxd5+ Re6 27. Qf3 Nc6 28. Bb1 Nxb4 29. Bxb4 Qb6+ 30. Kh1 Qxb4 31. Ng3 Qb5 32. Rxe6 Bxe6 33. Ba2 Re8 34. Rd6 Kf7 35. Qh5+ Kf6 36. Qg5+ Kf7 37. Nxf5 Bf6 38. Nh6+ Ke7 39. Rxe6+ Kd7 40. Qxf6 Kc7 {erfasst durch pgnApp - www.pgn-app.com} 1-0

[Event "Sparkassen Chess Trophy 2024 A-Open"]
[Site "Dortmund"]
[Date "2024.08.18"]
[Round "9"]
[White "Ranieri, Pierpaolo"]
[Black "Weisskopf, Lutz"]
[Result "1/2-1/2"]
[WhiteElo "1909"]
[BlackElo "2026"]
[PlyCount "127"]
[EventDate "2024.08.10"]

1. d4 Nf6 2. Nf3 g6 3. c4 Bg7 4. Nc3 d6 5. e4 O-O 6. Be2 e5 7. Be3 Ng4 8. Bg5 f6 9. Bc1 Nc6 10. O-O Nxd4 11. Nxd4 exd4 12. Qxd4 Ne5 13. f4 Nc6 14. Qd5+ Kh8 15. Be3 f5 16. Bf3 Qf6 17. Rad1 fxe4 18. Bxe4 Bg4 19. Bf3 Bxf3 20. Qxf3 Rae8 21. Bc1 Qf7 22. Qd5 Re6 23. Rde1 Rfe8 24. Rxe6 Rxe6 25. Qf3 Qd7 26. h3 Qc8 27. Kh2 Nd4 28. Qd3 a6 29. Be3 Nf5 30. Bf2 c6 31. g4 Nh6 32. Bd4 Nf7 33. Bxg7+ Kxg7 34. Rf2 b5 35. Re2 bxc4 36. Qxc4 d5 37. Qd4+ Kg8 38. Rxe6 Qxe6 39. Qd3 Qd6 40. Kg3 g5 41. Qf5 gxf4+ 42. Qxf4 Kg7 43. Qxd6 Nxd6 44. Kf4 Kf6 45. g5+ Ke6 46. h4 a5 47. h5 Nc4 48. b3 Ne5 49. Na4 Nd3+ 50. Ke3 Nc1 51. Nc3 Kf5 52. g6 hxg6 53. hxg6 Kxg6 54. Kd2 d4 55. Kxc1 dxc3 56. Kc2 Kf6 57. Kxc3 Ke6 58. Kc4 Kd6 59. a3 Ke7 60. Kc5 Kf7 61. b4 axb4 62. axb4 Ke7 63. b5 cxb5 64. Kxb5 {erfasst durch pgnApp - www.pgn-app.com} 1/2-1/2

[Event "Sparkassen Chess Trophy 2024 A-Open"]
[Site "Dortmund"]
[Date "2024.08.18"]
[Round "9"]
[White "Sprenger de la Iglesia, Yevgeni"]
[Black "Thompson, Ian D"]
[Result "1/2-1/2"]
[WhiteElo "1973"]
[BlackElo "2003"]
[PlyCount "53"]
[EventDate "2024.08.10"]

1. d4 d5 2. c4 e6 3. Nf3 Nf6 4. Nc3 c6 5. e3 Nbd7 6. Qc2 Bd6 7. Bd3 dxc4 8. Bxc4 b5 9. Bd3 O-O 10. O-O Bb7 11. a3 a6 12. Ng5 h6 13. Nge4 Be7 14. Nxf6+ Nxf6 15. Ne4 Nxe4 16. Bxe4 Bd6 17. Bd2 Qe7 18. Rac1 Rfc8 19. b4 a5 20. Rb1 axb4 21. Bxb4 Ra4 22. Qc3 Bxh2+ 23. Kxh2 Qh4+ 24. Kg1 Qxe4 25. f3 Qh4 26. Qc5 Qg5 27. Qxg5 {erfasst durch pgnApp - www.pgn-app.com} 1/2-1/2

[Event "Sparkassen Chess Trophy 2024 A-Open"]
[Site "Dortmund"]
[Date "2024.08.18"]
[Round "9"]
[White "Kock, Stefan"]
[Black "Spickermann, Sven"]
[Result "1/2-1/2"]
[WhiteElo "2029"]
[BlackElo "1920"]
[PlyCount "70"]
[EventDate "2024.08.10"]

1. e4 e5 2. Nf3 Nc6 3. Nc3 Nf6 4. d4 exd4 5. Nxd4 Bc5 6. Be3 Bb6 7. Be2 O-O 8. O-O d5 9. Nxc6 bxc6 10. Bxb6 axb6 11. Bf3 Be6 12. exd5 cxd5 13. Ne2 Bg4 14. Ng3 Bxf3 15. Qxf3 c6 16. a3 Qc7 17. Rfe1 Rfe8 18. h3 Re5 19. Qc3 Rae8 20. Rxe5 Rxe5 21. b4 Ne4 22. Nxe4 Rxe4 23. Re1 Rxe1+ 24. Qxe1 Kf8 25. a4 Qa7 26. a5 Qa6 27. Qe3 bxa5 28. Qc5+ Ke8 29. bxa5 Kd7 30. c3 Ke6 31. g3 Kd7 32. Kg2 Ke6 33. Qe3+ Kd7 34. Qc5 Ke6 35. Qe3+ Kd7 {erfasst durch pgnApp - www.pgn-app.com} 1/2-1/2

[Event "Sparkassen Chess Trophy 2024 A-Open"]
[Site "Dortmund"]
[Date "2024.08.18"]
[Round "9"]
[White "Pfaltz, Maximilian"]
[Black "Zamengo, Bruno"]
[Result "1-0"]
[WhiteElo "2061"]
[BlackElo "1932"]
[PlyCount "125"]
[EventDate "2024.08.10"]

1. e4 e6 2. d4 d5 3. Nd2 Nf6 4. e5 Nfd7 5. Bd3 c5 6. c3 Nc6 7. Ne2 cxd4 8. cxd4 Qb6 9. Nf3 f6 10. exf6 Nxf6 11. O-O Bd6 12. Re1 Qc7 13. Nc3 a6 14. Bg5 O-O 15. Rc1 Bd7 16. h3 Rae8 17. Ne5 Bc8 18. Bxf6 gxf6 19. Nf3 Kh8 20. Rc2 Qg7 21. Bf1 Rg8 22. Kh1 Ne7 23. Rce2 Qf7 24. Na4 Ng6 25. g3 Ne7 26. Nb6 Bb4 27. Nd2 Nc6 28. a3 Ba5 29. Nxc8 Rxc8 30. b4 Bc7 31. Nf3 e5 32. dxe5 fxe5 33. Bg2 Rcd8 34. h4 Qd7 35. Rd2 Qe7 36. Rxd5 Rxd5 37. Qxd5 Rd8 38. Qe4 Rf8 39. Re2 Qd6 40. Ng5 Qe7 41. Nf3 Rf7 42. Rd2 Bb6 43. Bh3 Qf8 44. Ng5 Rc7 45. Kg2 Nd4 46. Bg4 Qe8 47. Nf3 Nxf3 48. Bxf3 Bd4 49. Rc2 b6 50. Bg4 Kg7 51. Bf5 Qh5 52. Kh3 a5 53. f3 axb4 54. axb4 Rf7 55. g4 Qh6 56. g5 Qd6 57. Rc6 Qxb4 58. Bxh7 Qb3 59. Qg6+ Kf8 60. Rc8+ Ke7 61. Rc7+ Ke8 62. Qg8+ Rf8 63. Qxb3 {erfasst durch pgnApp - www.pgn-app.com} 1-0

[Event "Sparkassen Chess Trophy 2024 A-Open"]
[Site "Dortmund"]
[Date "2024.08.18"]
[Round "9"]
[White "Harutyunyan, Hovhannes"]
[Black "Brieger, Sebastian"]
[Result "1-0"]
[WhiteElo "1992"]
[BlackElo "1946"]
[PlyCount "87"]
[EventDate "2024.08.10"]

1. d4 Nf6 2. g3 d5 3. Bg2 c6 4. Nd2 Bf5 5. Ngf3 h6 6. c4 e6 7. O-O Nbd7 8. a3 a5 9. b3 Be7 10. Bb2 O-O 11. Re1 Ne4 12. Nxe4 Bxe4 13. Bf1 Nf6 14. Nd2 Bg6 15. Bg2 Qb6 16. c5 Qc7 17. b4 b6 18. Bc3 bxc5 19. bxc5 Rfe8 20. a4 Red8 21. Nb3 Rdb8 22. Ra3 Nd7 23. Qd2 Bd8 24. e3 e5 25. f3 exd4 26. exd4 Nf6 27. Bf1 Qa7 28. Kg2 Bc7 29. Re7 Re8 30. Nxa5 Bxa5 31. Rxa7 Bxc3 32. Qxc3 Rxa7 33. a5 Bf5 34. Rb3 Rea8 35. a6 Bc8 36. Rb6 Bxa6 37. Bxa6 Rxa6 38. Rxa6 Rxa6 39. Qb3 Ra5 40. Qb6 Ra4 41. Qxc6 Rxd4 42. Qc8+ Kh7 43. c6 Rc4 44. c7 {erfasst durch pgnApp - www.pgn-app.com} 1-0

[Event "Sparkassen Chess Trophy 2024 A-Open"]
[Site "Dortmund"]
[Date "2024.08.18"]
[Round "9"]
[White "Brunetti, Alberto Fakhri"]
[Black "Rodriguez, Augustin"]
[Result "0-1"]
[WhiteElo "1942"]
[BlackElo "2079"]
[PlyCount "92"]
[EventDate "2024.08.10"]

1. d4 d5 2. Nf3 Nf6 3. c4 e6 4. Nc3 a6 5. cxd5 exd5 6. Bg5 Be6 7. e3 Bd6 8. Bd3 Nbd7 9. O-O c6 10. Bf4 Qc7 11. Bxd6 Qxd6 12. Qc2 h6 13. Rae1 O-O-O 14. a3 Kb8 15. Na4 Ne4 16. b4 g5 17. Nc5 Nef6 18. Rb1 g4 19. Nh4 Rhg8 20. a4 Rc8 21. Rfc1 Ka7 22. Qe2 Nb8 23. b5 cxb5 24. axb5 b6 25. Nxa6 Nxa6 26. Rxc8 Rxc8 27. Qa2 Ra8 28. Rc1 Kb7 29. bxa6+ Ka7 30. Nf5 Qd7 31. Ng3 Rc8 32. Qb1 Rxc1+ 33. Qxc1 b5 34. Qa3 Ne8 35. Ne2 Nc7 36. Nc3 Qc6 37. g3 Bc8 38. e4 dxe4 39. Nxe4 Nxa6 40. Qe7+ Bb7 41. Qd6 Qc1+ 42. Bf1 Bxe4 43. Qe7+ Bb7 44. Qxf7 b4 45. h3 gxh3 46. f3 h2+ {erfasst durch pgnApp - www.pgn-app.com} 0-1

[Event "Sparkassen Chess Trophy 2024 A-Open"]
[Site "Dortmund"]
[Date "2024.08.18"]
[Round "9"]
[White "Metzdorf, Matteo"]
[Black "Thieu, Nguyen Gia Bao"]
[Result "1-0"]
[WhiteElo "2098"]
[BlackElo "1904"]
[PlyCount "73"]
[EventDate "2024.08.10"]

1. e4 e5 2. Nf3 Nc6 3. Bb5 a6 4. Ba4 b5 5. Bb3 g6 6. c3 Bg7 7. d4 exd4 8. cxd4 d6 9. h3 Nge7 10. d5 Na5 11. Bc2 Nc4 12. Nc3 O-O 13. Bd3 Nb6 14. a3 c5 15. dxc6 Nxc6 16. Be3 Ne5 17. Nxe5 Bxe5 18. O-O Bb7 19. Qb3 Nd7 20. Rad1 Qa5 21. f4 Bg7 22. e5 Nc5 23. Bxc5 dxc5 24. Be4 c4 25. Qc2 Qb6+ 26. Qf2 Qc7 27. Rd6 f6 28. Bxb7 Qxb7 29. e6 Rfd8 30. Rfd1 Qe7 31. Rxd8+ Rxd8 32. Rxd8+ Qxd8 33. Qa7 Bf8 34. Kh1 Bd6 35. Qf7+ Kh8 36. Nd5 Be5 37. e7 {erfasst durch pgnApp - www.pgn-app.com} 1-0

[Event "Sparkassen Chess Trophy 2024 A-Open"]
[Site "Dortmund"]
[Date "2024.08.18"]
[Round "9"]
[White "Giacomini, Hector"]
[Black "Schloesser, Alexander"]
[Result "1-0"]
[WhiteElo "2125"]
[BlackElo "1975"]
[PlyCount "63"]
[EventDate "2024.08.10"]

1. Nf3 d5 2. e3 c6 3. d4 e6 4. Bd3 f5 5. O-O Bd6 6. b3 Nd7 7. c4 Qf6 8. Ba3 Bc7 9. Nbd2 g5 10. Qc2 g4 11. Ne1 Nh6 12. Rc1 Bxh2+ 13. Kxh2 g3+ 14. Kg1 Ng4 15. Nef3 Rg8 16. Bd6 gxf2+ 17. Rxf2 Nxe3 18. Qc3 Qg6 19. Bf1 Ng4 20. Re2 Ndf6 21. Ne5 Nxe5 22. Bxe5 Ne4 23. Nxe4 fxe4 24. Re3 Qh6 25. Rh3 Qg6 26. Rg3 Qf7 27. Rc2 Bd7 28. Rf2 Rxg3 29. Qxg3 Qg6 30. Qh4 e3 31. Rf3 c5 32. Bd6 {erfasst durch pgnApp - www.pgn-app.com} 1-0

[Event "Sparkassen Chess Trophy 2024 A-Open"]
[Site "Dortmund"]
[Date "2024.08.18"]
[Round "9"]
[White "Thiemann, Marc"]
[Black "Kummerow, Heiko"]
[Result "0-1"]
[WhiteElo "1974"]
[BlackElo "2117"]
[PlyCount "62"]
[EventDate "2024.08.10"]

1. e4 e6 2. d4 d5 3. e5 c5 4. c3 Nc6 5. Nf3 Bd7 6. Be2 Nge7 7. O-O Ng6 8. g3 f6 9. exf6 Qxf6 10. Re1 cxd4 11. cxd4 Bd6 12. Bg5 Qf7 13. Nc3 O-O 14. Be3 h6 15. Kg2 Rad8 16. Bd3 Nb4 17. Bxg6 Qxg6 18. Nh4 Qh7 19. Re2 g5 20. Nf3 Rf7 21. a3 Nc6 22. Qd2 Na5 23. Rae1 Nc4 24. Qc1 Qg6 25. Ne5 Bxe5 26. dxe5 d4 27. Bxg5 hxg5 28. Ne4 Ne3+ 29. Rxe3 dxe3 30. Nf6+ Rxf6 31. exf6 Bc6+ {erfasst durch pgnApp - www.pgn-app.com} 0-1

[Event "Sparkassen Chess Trophy 2024 A-Open"]
[Site "Dortmund"]
[Date "2024.08.18"]
[Round "9"]
[White "Spriestersbach, Kai"]
[Black "Stoll, Thomas"]
[Result "1/2-1/2"]
[WhiteElo "2164"]
[BlackElo "1978"]
[PlyCount "27"]
[EventDate "2024.08.10"]

1. e4 e5 2. Nf3 Nc6 3. Bb5 a6 4. Ba4 Nf6 5. O-O Be7 6. Re1 b5 7. Bb3 O-O 8. h3 Bb7 9. d3 d6 10. a3 Nb8 11. Nc3 c5 12. Bg5 Nbd7 13. Nh2 Rc8 14. Qe2 {erfasst durch pgnApp - www.pgn-app.com} 1/2-1/2

[Event "Sparkassen Chess Trophy 2024 A-Open"]
[Site "Dortmund"]
[Date "2024.08.18"]
[Round "9"]
[White "Berresheim, Nils"]
[Black "Wickenfeld, Stefan"]
[Result "0-1"]
[WhiteElo "1838"]
[BlackElo "2206"]
[PlyCount "54"]
[EventDate "2024.08.10"]

1. d4 d5 2. c4 Nc6 3. cxd5 Qxd5 4. Nf3 e5 5. Nc3 Bb4 6. Bd2 Bxc3 7. Bxc3 e4 8. Ne5 Nxe5 9. dxe5 Be6 10. e3 Ne7 11. Qa4+ c6 12. Rd1 Qxa2 13. Qb4 Nd5 14. Qc5 Nxc3 15. bxc3 Bb3 16. Rd2 Qb1+ 17. Ke2 Rd8 18. Rxd8+ Kxd8 19. f3 Qa2+ 20. Ke1 Kc8 21. fxe4 Rd8 22. Be2 Qa1+ 23. Kf2 Qxh1 24. c4 Bd1 25. Qxa7 Bxe2 26. Qa8+ Kc7 27. Qa5+ Kd7 {erfasst durch pgnApp - www.pgn-app.com} 0-1

[Event "Sparkassen Chess Trophy 2024 A-Open"]
[Site "Dortmund"]
[Date "2024.08.18"]
[Round "9"]
[White "Krams, Amatus"]
[Black "Udelnov, Valentin"]
[Result "0-1"]
[WhiteElo "1902"]
[BlackElo "2037"]
[PlyCount "56"]
[EventDate "2024.08.10"]

1. e4 e5 2. Nf3 Nc6 3. Bc4 Bc5 4. c3 Nf6 5. d4 exd4 6. b4 Bb6 7. e5 d5 8. exf6 dxc4 9. Qe2+ Be6 10. fxg7 Rg8 11. b5 Na5 12. cxd4 Qf6 13. Bb2 c3 14. Bxc3 Qxg7 15. d5 Qxg2 16. Rg1 Qxg1+ 17. Nxg1 Rxg1+ 18. Kd2 O-O-O 19. Kc2 Bf5+ 20. Kb2 Rg2 21. Be1 Rxd5 22. Nc3 Bd4 23. a4 Re5 24. Qf3 Nc4+ 25. Kb3 Rxf2 26. Qg3 Na5+ 27. Kb4 Rb2+ 28. Kxa5 Bb6# {erfasst durch pgnApp - www.pgn-app.com} 0-1

[Event "Sparkassen Chess Trophy 2024 A-Open"]
[Site "Dortmund"]
[Date "2024.08.18"]
[Round "9"]
[White "Kosev, Momchil"]
[Black "Van Amerongen-Jansen, Peggy"]
[Result "1/2-1/2"]
[WhiteElo "1988"]
[BlackElo "1931"]
[PlyCount "51"]
[EventDate "2024.08.10"]

1. d4 d5 2. c4 e6 3. Nf3 Nf6 4. g3 c6 5. Bg2 Bd6 6. O-O Nbd7 7. Nfd2 O-O 8. Nc3 Re8 9. e4 dxe4 10. Ndxe4 Bf8 11. Bf4 h6 12. b3 Nxe4 13. Nxe4 Nf6 14. c5 Nxe4 15. Bxe4 g5 16. Be3 Bg7 17. f4 f5 18. Bg2 g4 19. b4 Re7 20. Rf2 Bd7 21. Rb2 a6 22. a4 Be8 23. Rab1 Rd7 24. Rd2 Bf6 25. Kh1 Qe7 26. Qc2 {erfasst durch pgnApp - www.pgn-app.com} 1/2-1/2

[Event "Sparkassen Chess Trophy 2024 A-Open"]
[Site "Dortmund"]
[Date "2024.08.18"]
[Round "9"]
[White "Goldinov, Daniel"]
[Black "Linde, Wolfgang"]
[Result "1/2-1/2"]
[WhiteElo "1989"]
[BlackElo "2070"]
[PlyCount "90"]
[EventDate "2024.08.10"]

1. c4 e6 2. d4 d5 3. Nc3 Nf6 4. cxd5 exd5 5. Bg5 Be7 6. e3 O-O 7. Bd3 Re8 8. Nge2 c6 9. O-O Nbd7 10. Qc2 Nf8 11. f3 g6 12. Bh4 Ne6 13. Bf2 b5 14. a3 Bb7 15. b4 a5 16. Rab1 axb4 17. axb4 Bf8 18. Kh1 Nd7 19. Bg3 Nb6 20. Nf4 Nc4 21. Bxc4 dxc4 22. Qf2 Bc8 23. Ne4 Be7 24. Rfd1 Nxf4 25. Bxf4 Bf5 26. Rf1 Bh4 27. g3 Be7 28. Bh6 Ra4 29. g4 Bh4 30. Qg2 Bxe4 31. fxe4 Bg5 32. Bxg5 Qxg5 33. Qf3 Qe7 34. e5 Qe6 35. Ra1 Rea8 36. Rxa4 Rxa4 37. e4 Ra7 38. h3 Qe7 39. Qc3 Ra2 40. d5 cxd5 41. exd5 Qa7 42. Qf3 Ra1 43. d6 Rxf1+ 44. Qxf1 Qd4 45. Qf6 Qe4+ {erfasst durch pgnApp - www.pgn-app.com} 1/2-1/2

[Event "Sparkassen Chess Trophy 2024 A-Open"]
[Site "Dortmund"]
[Date "2024.08.18"]
[Round "9"]
[White "Bungarten, Jona"]
[Black "Scholz, Benedict"]
[Result "1/2-1/2"]
[WhiteElo "2073"]
[BlackElo "1990"]
[PlyCount "76"]
[EventDate "2024.08.10"]

1. b3 Nf6 2. Bb2 e6 3. f4 d5 4. Nf3 c5 5. g3 Nc6 6. Bg2 Be7 7. O-O O-O 8. Ne5 Qc7 9. c4 a6 10. Nc3 Rd8 11. Rc1 Rb8 12. Nxc6 Qxc6 13. f5 b5 14. fxe6 fxe6 15. cxd5 exd5 16. e4 Nxe4 17. Nxe4 dxe4 18. d3 Qh6 19. Bxe4 c4 20. Qf3 Be6 21. Be5 Rbc8 22. bxc4 bxc4 23. Bf4 Qh3 24. dxc4 Rxc4 25. Rcd1 Rcd4 26. Rxd4 Rxd4 27. Be3 Rd8 28. Qe2 Qg4 29. Qxg4 Bxg4 30. Bb6 Rd2 31. Be3 Rd1 32. Rxd1 Bxd1 33. Bd5+ Kf8 34. Kf2 Bd6 35. Bb6 Bb4 36. Ke3 Ke7 37. Bg8 Bc2 38. Bd4 g5 {erfasst durch pgnApp - www.pgn-app.com} 1/2-1/2

[Event "Sparkassen Chess Trophy 2024 A-Open"]
[Site "Dortmund"]
[Date "2024.08.18"]
[Round "9"]
[White "Oest, Thorsten"]
[Black "Dornieden, Jonas"]
[Result "1-0"]
[WhiteElo "1977"]
[BlackElo "2075"]
[PlyCount "81"]
[EventDate "2024.08.10"]

1. e4 c6 2. d4 d5 3. e5 c5 4. dxc5 e6 5. b4 Ne7 6. Nf3 Nd7 7. Bb5 Nc6 8. Bxc6 bxc6 9. O-O Qc7 10. Re1 Be7 11. Bf4 Nf8 12. Nbd2 Ng6 13. Bg3 h5 14. h4 Qd8 15. c4 Bxh4 16. Nxh4 Nxh4 17. Qa4 Bd7 18. cxd5 exd5 19. b5 Nf5 20. bxc6 Be6 21. Rab1 O-O 22. Rb7 a5 23. Reb1 Bc8 24. Nf3 d4 25. Rd7 Bxd7 26. cxd7 Qc7 27. c6 Nxg3 28. fxg3 Ra6 29. Rc1 Rd8 30. Qc4 Rb6 31. Ng5 Qxe5 32. Nxf7 Qe3+ 33. Kh2 Rxc6 34. Qxc6 Kxf7 35. Qd5+ Ke7 36. Rf1 Qe6 37. Qxd4 Rxd7 38. Qxg7+ Kd8 39. Qf8+ Qe8 40. Qc5 Rc7 41. Qd6+ {erfasst durch pgnApp - www.pgn-app.com} 1-0

[Event "Sparkassen Chess Trophy 2024 A-Open"]
[Site "Dortmund"]
[Date "2024.08.18"]
[Round "9"]
[White "Zwirs, Jasper"]
[Black "Xue, Luka"]
[Result "1/2-1/2"]
[WhiteElo "2088"]
[BlackElo "1992"]
[PlyCount "104"]
[EventDate "2024.08.10"]

1. d4 d5 2. Nc3 Nf6 3. Bf4 e6 4. Nb5 Na6 5. e3 Bb4+ 6. c3 Be7 7. a4 c6 8. Na3 O-O 9. Bd3 c5 10. Nb5 Bd7 11. Nf3 c4 12. Bb1 Qb6 13. Qc2 Bxb5 14. axb5 Qxb5 15. Bg5 Qb3 16. Qxb3 cxb3 17. Nd2 Nc7 18. Nxb3 b6 19. Bf4 Nce8 20. Ra6 Bd6 21. Bxd6 Nxd6 22. Bd3 Nd7 23. f3 Nb8 24. Ra2 f5 25. Ke2 a5 26. Nd2 Nd7 27. c4 Rac8 28. b3 Nb8 29. Raa1 Rc7 30. Rhc1 Rfc8 31. Rc2 Na6 32. Rcc1 Nb4 33. g3 g6 34. e4 fxe4 35. fxe4 Kg7 36. g4 h6 37. h4 Nf7 38. e5 g5 39. h5 Nxd3 40. Kxd3 Nd8 41. Rf1 Nc6 42. Rac1 Nb4+ 43. Ke3 a4 44. bxa4 dxc4 45. Ne4 Nd5+ 46. Ke2 c3 47. Nd6 Ra8 48. Rf3 Rca7 49. Nb5 Rxa4 50. Nxc3 Rc8 51. Nxa4 Rxc1 52. Rb3 Rc4 {erfasst durch pgnApp - www.pgn-app.com} 1/2-1/2

[Event "Sparkassen Chess Trophy 2024 A-Open"]
[Site "Dortmund"]
[Date "2024.08.18"]
[Round "9"]
[White "Christodoulaki, Antonia"]
[Black "Kruse, Victor"]
[Result "1-0"]
[WhiteElo "1994"]
[BlackElo "2063"]
[PlyCount "119"]
[EventDate "2024.08.10"]

1. e4 c6 2. d4 d5 3. exd5 cxd5 4. Bd3 Nc6 5. c3 Nf6 6. h3 e5 7. dxe5 Nxe5 8. Nf3 Nxd3+ 9. Qxd3 Bd6 10. O-O O-O 11. Rd1 Be6 12. Be3 Qd7 13. Nbd2 Bf5 14. Qd4 Rfe8 15. Bf4 Bc7 16. Bxc7 Qxc7 17. Re1 Be4 18. Rac1 h6 19. Nh2 h5 20. Re3 Qa5 21. a3 Re6 22. Re2 Rc8 23. Rce1 Rb6 24. Ndf1 Qc5 25. Qxc5 Rxc5 26. Rd2 a5 27. Ne3 a4 28. Nhf1 Rcb5 29. Nd1 Rc5 30. Nfe3 Re6 31. f3 Bg6 32. Kf2 Kf8 33. g4 hxg4 34. hxg4 Rd6 35. Rd4 b5 36. Re2 Nd7 37. Red2 Nb6 38. Ke2 Re6 39. Kf2 Nc4 40. Rxd5 Rxd5 41. Rxd5 Nd6 42. Rd4 Bb1 43. c4 bxc4 44. Nxc4 Nb5 45. Rd5 Ba2 46. Rxb5 Bxc4 47. Rb8+ Ke7 48. Nc3 Bb3 49. Rb7+ Ke8 50. Nb5 Rh6 51. Kg2 Rf6 52. Nd4 Bd1 53. Kf2 g5 54. Ke3 Rh6 55. Kd2 Rh1 56. Rb5 f6 57. Rc5 Bb3 58. Nxb3 axb3 59. Rf5 Ke7 60. Ke3 {erfasst durch pgnApp - www.pgn-app.com} 1-0

[Event "Sparkassen Chess Trophy 2024 A-Open"]
[Site "Dortmund"]
[Date "2024.08.18"]
[Round "9"]
[White "Matsumura, Cocoro"]
[Black "Zimmermann, Luc"]
[Result "1/2-1/2"]
[WhiteElo "1999"]
[BlackElo "2095"]
[PlyCount "42"]
[EventDate "2024.08.10"]

1. e4 e6 2. d4 d5 3. e5 c5 4. c3 Nc6 5. Nf3 Qb6 6. Be2 cxd4 7. cxd4 Nh6 8. Bxh6 Qxb2 9. Nbd2 gxh6 10. O-O Nxd4 11. Rb1 Nxe2+ 12. Qxe2 Qa3 13. Nd4 a6 14. Rfd1 Bg7 15. Qg4 O-O 16. Rb3 Qe7 17. Rg3 f6 18. N2f3 Bd7 19. exf6 Qxf6 20. Re1 Rae8 21. Re2 Rc8 {erfasst durch pgnApp - www.pgn-app.com} 1/2-1/2